| 000 | 00839nas a2200277 4500 | ||
|---|---|---|---|
| 001 | BR2013006446 | ||
| 003 | BR-BrBNA | ||
| 005 | 20231205122800.0 | ||
| 007 | ta | ||
| 008 | 230509b bl.|||p| |||| 00| 00por d | ||
| 040 |
_aBR-BrBNA _bpor _cBiblioteca Nacional de Agricultura |
||
| 041 | _a(Pt) | ||
| 072 | _aF02 | ||
| 100 | 1 | _aVale, M.R. do | |
| 100 | 1 | _aChalfun, N.N.J. | |
| 100 | 1 | _aMendonça, V. | |
| 100 | 1 | _aCoelho, G.V. de A. | |
| 100 | 1 | _aMiranda, C.S. de | |
| 245 | 1 | _aSubstrato no enraizamento de diferentes tipos de estacas de goiabeira cultivar Paluma | |
| 650 | _aGOIABA | ||
| 650 | _aENRAIZAMENTO DE ESTACA | ||
| 650 | _aPROPAGAÇÃO VEGETATIVA | ||
| 773 | 0 |
_tCaatinga (Brazil) _xISSN 0100-316X _g(Mar 2006), v. 19(1) p. 34-38 _wBR2013006446 |
|
| 909 |
_a202311 _bLúcia _c55 _dLúcia Elande |
||
| 942 |
_2AGRIS _n0 _cANA |
||
| 999 |
_c230525 _d230525 |
||